00226nam a22001097a 4500003000400000020001800004082001500022100001800037245002900055260002400084300000800108SGT a9788184876888 a514.2bAHM aAHMED, KHALIL aINTRODUCTION TO TOPOLOGY aDELHIbNAROSAc2019 a112